Kaqjay (2006- ///) (Record no. 1911)
[ view plain ]
| 000 -LEADER | |
|---|---|
| campo de control de longitud fija | 01468nam a22001937a 4500 |
| 005 - FECHA Y HORA DE LA ÚLTIMA TRANSACCIÓN | |
| campo de control | 20220624181533.0 |
| 008 - DATOS DE LONGITUD FIJA--INFORMACIÓN GENERAL | |
| campo de control de longitud fija | 220624b |||||||| |||| 00| 0 eng d |
| 040 ## - FUENTE DE CATALOGACIÓN | |
| Centro/agencia transcriptor | Biblioteca Lado V |
| 082 ## - NÚMERO DE LA CLASIFICACIÓN DECIMAL DEWEY | |
| Número de clasificación | 700.103 |
| Número de ítem | K17k |
| 100 ## - ENTRADA PRINCIPAL--NOMBRE DE PERSONA | |
| Nombre de persona | Kaqjay Moloj |
| 110 ## - ENTRADA PRINCIPAL--NOMBRE DE ENTIDAD CORPORATIVA | |
| Nombre de entidad corporativa o nombre de jurisdicción como elemento de entrada | Lamoyi, Carla (edición) |
| 245 ## - MENCIÓN DEL TÍTULO | |
| Título | Kaqjay (2006- ///) |
| 260 ## - PUBLICACIÓN, DISTRIBUCIÓN, ETC. | |
| Lugar de publicación, distribución, etc. | Ciudad de México |
| Nombre del editor, distribuidor, etc. | FIEBRE Ediciones |
| Fecha de publicación, distribución, etc. | 2018 |
| 300 ## - DESCRIPCIÓN FÍSICA | |
| Extensión | 190 p. |
| Otras características físicas | il. (col) |
| Dimensiones | 21 x 15 cm |
| 505 ## - NOTA DE CONTENIDO CON FORMATO | |
| Título | Kaqjay Moloj: el museo como idea |
| Mención de responsabilidad | FIEBRE Ediciones |
| Título | Ri qatzij, ri qak´aslem pa qatinamit La historia de Patzicía: Pensar el pasado y el presente desde la comunidad |
| Mención de responsabilidad | Kaqjay Moloj |
| Título | El archivo histórico municipal de Patzicía |
| -- | Aj ru solonel, aj ru kemonel ri ojer tzij, ri k`aslem |
| Mención de responsabilidad | Eddy Tocón |
| Título | Objeto antigüo: diversas narrativas sobre el pasado de Cerrito Asunción y Kaqjay |
| Mención de responsabilidad | Comunidad Kaqchikel de investigación |
| Título | El colectivo Kaqjay Moloj: la construcción local de la memoria y el imaginario del futuro |
| Mención de responsabilidad | Beatriz Cortez |
| Título | Vida y memoria de Patzicía (índice fotográfico) |
| -- | Museo Comunitario de Kaqjay: conociendo desde la comunidad y nuevas formas de colaboración |
| Mención de responsabilidad | Douglas Carranza Mena |
| Título | Bibliografía de la memoria |
| -- | Agradecimientos |
| -- | Colaboradores |
| -- | Víctimas del conflicto armado |
| 650 ## - PUNTO DE ACCESO ADICIONAL DE MATERIA--TÉRMINO DE MATERIA | |
| Subdivisión general | arte contemporáneo |
| -- | arte - efectos sociales - política |
| -- | arte - efectos sociales - violencia |
| -- | arte - efectos sociales - Latinoamérica - 1980 |
| -- | arte - Latinoamérica |
| 700 ## - ENTRADA AGREGADA--NOMBRE PERSONAL | |
| Nombre de persona | Medina, Antonio (edición) |
| 942 ## - ELEMENTOS DE ENTRADA SECUNDARIOS (KOHA) | |
| Fuente del sistema de clasificación o colocación | Clasificación Decimal Dewey |
| Tipo de ítem Koha | Libros |
| Suprimir en OPAC | No |
| Estatus retirado | Estado de pérdida | Fuente del sistema de clasificación o colocación | Estado de daño | No para préstamo | Biblioteca de origen | Biblioteca actual | Fecha de adquisición | Total de préstamos | Signatura topográfica completa | Código de barras | Visto por última vez | Precio de reemplazo | Tipo de ítem Koha |
|---|---|---|---|---|---|---|---|---|---|---|---|---|---|
| Clasificación Decimal Dewey | Biblioteca LadoV | Biblioteca LadoV | 24/06/2022 | 700.103 K17k | 004846 | 24/06/2022 | 24/06/2022 | Libros |
